000 01026cam a22003257a 4500
003 CHAP
005 20220817044014.0
008 050318d2003 uk r 00110 eng d
010 _a89859
011 _a90831
020 _a1578082641
035 _a101388
040 _cCHAP
082 0 4 _a581.90931
_bH3
100 0 0 _aHamon, Perla
_eed.
_952477
245 1 0 _aGenetic diversity of cultivated tropical plants
_c/ed. by Perla Hamon (and others)
260 _aPlymouth, UK. :
_bScience publishers,
_c2003.
300 _a359 p.
590 _aBATCH-UPD
_b10
_c20130110
_lUCH01
_h0441
590 _aBATCH-UPD
_b10
_c20130410
_lUCH01
_h0117
590 _aBATCH-UPD
_b10
_c20130914
_lUCH01
_h1126
590 _aCONVERSION
_b10
_c20130109
_lUCH01
_h1350
650 1 4 _aCultivos tropicales
_xCrecimiento.
_930386
650 1 4 _aGenética vegetal.
650 1 4 _aPlantas tropicales
_xCrecimiento.
_989090
901 _aBK
905 _aLilia
942 _cLIBRO
949 _a581.9093 H3
_bBC
_cLIBRO
_d33724000953006
_eLIBRO
_h105216
_i101388
_si
999 _c89859
_d89859